000 01117cam a22002771 4500
001 sd 65000012
003 DLC
005 20260227112737.0
008 920420r19651965dcu f000 0 eng c
010 _asd 65000012
035 _a(OCoLC)25678447
040 _aU.S. Dept. of State. Library
_cDS
_dDS
_dDLC
042 _apremarc
050 0 0 _aJX1706
_b.A4 1965
100 1 _aRusk, Dean,
_d1909-1994.
245 1 4 _aThe anatomy of foreign policy decisions.
260 _a[Washington]
_bDept. of State; [for sale by the Superintendent of Documents, U.S. Govt. Print. Off.,
_c1965]
300 _a17 p.
_c21 cm.
490 1 _aDept. of State publication
_v7980
490 1 _aGeneral foreign policy series,
_v207
500 _aAddress "made before the American Political Science Association at Washington, D.C. on Sept. 7."
500 _a"Reprinted from the Department of State bulletin of September 27, 1965."
651 0 _aUnited States
_xForeign relations administration.
830 0 _aDepartment of State publication ;
_v7980.
830 0 _aDepartment of State publication.
_pGeneral foreign policy series ;
_v207.
999 _c90104
_d90104